| 000 | 00776cab a2200265 4500 | ||
|---|---|---|---|
| 001 | WB3431-05 | ||
| 008 | 090401t1998 xxu||||| |||| 00| 0 eng d | ||
| 035 | _a(Sirsi) u88001 | ||
| 041 | _aeng | ||
| 245 | _aSubbies facing PFI sting | ||
| 260 | _c1998 | ||
| 350 | _a0 | ||
| 490 |
_aConstruction News _v(6578) 13 August 1998, 2(1) |
||
| 520 | _aSome PFI contracts are including clauses which put overrun damages costs at up to £19,000 a day for contractors. | ||
| 650 | _aCONTRACT CLAIMS | ||
| 650 | _aCONTRACT CLAUSES | ||
| 650 | _aDAMAGES | ||
| 650 | _aDELAYS | ||
| 650 | _aEXTENSION OF TIME | ||
| 650 | _aPFI CONTRACTS | ||
| 650 | _aPRIVATE FINANCE INITIATIVE | ||
| 690 | _aBUILT ENVIRONMENT-BUILDING CONTRACT FORMS | ||
| 942 | _n0 | ||
| 948 | _c14/08/1998 | ||
| 999 |
_c55559 _d55559 |
||